[Event "NOR-ch"]
[Site "Norway"]
[Date "1980.??.??"]
[Round "2"]
[White "Tiller, Bjorn"]
[Black "Heim, Sverre"]
[Result "0-1"]
[WhiteElo "2300"]
[BlackElo "2335"]
[Annotator "Gagarin,V"]
[PlyCount "112"]
[EventDate "1980.??.??"]
[EventType "tourn"]
[EventRounds "9"]
[EventCountry "NOR"]
[EventCategory "2"]
[SourceTitle "MCL"]
[Source "ChessBase"]
[SourceDate "1999.07.01"]
[SourceVersion "1"]
[SourceVersionDate "1999.07.01"]
[SourceQuality "1"]

1. c4 e5 2. Nc3 d6 3. d4 exd4 4. Qxd4 Nc6 5. Qd2 Nf6 6. g3 g6 (6... Be6 $5) 7.
Bg2 Bg7 8. b3 O-O 9. Bb2 Re8 (9... Ne5 $5) (9... a5 $5) 10. Rd1 (10. e3 $2 Ne5
11. Nf3 Bh3 $1 12. Nxe5 Bxg2 13. Rg1 Be4 14. Nd3 Bf3 $17) (10. Nh3 d5 $5 (10...
Bf5 $6 11. O-O Ne4 12. Nxe4 Bxe4 13. Bxg7 Bxg2 14. Kxg2 Kxg7 15. Nf4 Qe7 16.
Rad1 Qe5 17. Nd5 $14 {Kovacevic,V-Popchev,M/Sarajevo/1988/1/2-1/2/63/}) (10...
Bxh3 11. Bxh3 Ne4 $6 (11... d5 12. cxd5 (12. Nxd5 Ne4 $13 {- 10...d5}) 12...
Nxd5 $13 {- 10...d5}) 12. Nxe4 Bxb2 13. Qxb2 Rxe4 14. O-O Qe8 15. e3 a5 16. Bg2
$14 {Smejkal,J-Miagmarsuren,L/Skopje ol/1972/}) (10... a5 $5 11. Nf4 Ne5 12.
O-O Ned7 $13 {- 9... a5 (9...Ne5)}) 11. cxd5 (11. O-O-O $6 d4 12. Na4 Bxh3 13.
Bxh3 Ne4 14. Qf4 Qe7 15. Kb1 a6 16. c5 Rad8 17. Bg2 f5 18. h4 Nb4 19. h5 Nd5
$17 {Murshed,N-McNab,C/London/1989/0:1/27/}) (11. Nxd5 Bxh3 12. Bxh3 Ne4 13.
Qc1 Nd4 14. e3 c6 15. Nf4 Nd2 $5 16. Bc3 Ne4 17. Bb2 Qa5+ 18. Kf1 Nd2+ 19. Kg2
Qe5 20. Bxd4 Qe4+ 21. Kg1 Nf3+ 22. Kf1 Bxd4 23. exd4 Nd2+ 24. Kg1 Nf3+ 25. Kf1
Nd2+ $10 {Sadler,M-McNab,C/London/1989/1/2-1/2/25/}) 11... Bxh3 12. Bxh3 Nxd5
13. Nxd5 Bxb2 14. Rd1 Bg7 15. Bg2 Nd4 16. e3 c6 17. O-O Ne6 18. Nf4 Nxf4 19.
gxf4 Qb6 $15 {Zak,U-Zilberman,Y/Tel Aviv/1991/1/2-1/2/26/}) (10. Nf3 $5 Bf5 11.
O-O Ne4 12. Nxe4 Bxe4 13. Rfd1 Bxb2 14. Qxb2 Qe7 15. Rd2 $14 {Csom,I-Davies,N/
Tel Aviv/1989/1:0/45/}) 10... Ne5 (10... Bf5 $6 11. Nh3 Bxh3 12. Bxh3 Ne4 13.
Nxe4 Rxe4 14. Bg2 Re8 15. O-O Qe7 16. e3 a6 17. Bxg7 Kxg7 18. c5 $1 $16 {
Schneider,A-Rukavina,J/Oberwart op/1984/1:0/55/}) 11. e4 Qe7 12. f3 Be6 $6 (
12... a5 $5 13. Nge2 Bh3 14. O-O Bxg2 15. Kxg2 a4 $10 (15... Ned7 $10)) 13.
Nge2 Bh3 14. O-O Bxg2 15. Kxg2 a5 16. Nf4 Ned7 17. a3 $6 (17. Ncd5 $1 $14)
17... Nb6 $1 18. Qd3 $2 (18. Ncd5 $1 $14) (18. Nfd5 $1 $14) 18... a4 $1 $15 {
><c4} 19. b4 $6 (19. Nfd5 $5 Nbxd5 20. Nxd5 Nxd5 21. Bxg7 Nf4+ 22. gxf4 Kxg7
23. Qd4+ Kg8 24. b4 Qh4 $15) 19... c6 $1 20. Rfe1 Nfd7 $1 $17 21. Qxd6 Nxc4 22.
Qxd7 Nxb2 23. Qxe7 Rxe7 24. Rc1 Rd7 $6 (24... b5 $1 $17 {/\ Nc4}) (24... g5 $5
25. Re2 $8 Nc4 $17) 25. Re2 Nc4 $6 (25... Nd3 $5) 26. Nxa4 $1 Rxa4 27. Rxc4
Rxa3 28. b5 $1 cxb5 29. Rc8+ Bf8 30. e5 $132 Ra6 (30... Kg7 31. e6 Re7 32. Rd2
$132) 31. e6 fxe6 32. Nxe6 Rf7 33. Nd8 $2 (33. Nd4 $1 Kg7 (33... b4 $6 34. Ree8
{/\ Ne6}) 34. Ne6+ Kg8 35. Nd4 $10) 33... Re7 34. Rxe7 Bxe7 $17 35. Nc6+ Kf7
36. Nxe7 Kxe7 37. Rc7+ Kd6 38. Rxb7 Kc5 39. Rxh7 b4 40. Re7 b3 41. Re1 Kd4 42.
f4 b2 43. Rb1 Kc3 44. Kf3 Kc2 (44... Ra4 $1 45. g4 (45. Kg4 Ra5 46. h4 Kc2 47.
Rf1 b1=Q 48. Rxb1 Kxb1 49. Kf3 Kc2 50. g4 Kd3 $19) 45... Kc2 46. Rf1 b1=Q 47.
Rxb1 Kxb1 48. h4 Kc2 49. h5 (49. Ke3 Kc3 50. g5 Rb4 $19) 49... gxh5 50. gxh5
Kd3 51. h6 Ra6 52. f5 Rxh6 53. Kf4 Kd4 54. Kg5 Rh8 $19) 45. Re1 b1=Q $2 (45...
Ra4 $1 $19) 46. Rxb1 Kxb1 47. Ke4 Kc2 48. g4 Kd2 49. Ke5 $2 (49. h4 $1 Ra4+ 50.
Ke5 Ke3 51. f5 gxf5 52. gxf5 Ra5+ 53. Ke6 Kf4 54. f6 Ra6+ 55. Ke7 Kf5 56. f7
Ra7+ 57. Ke8 Ke6 58. f8=N+ $10) 49... Ke3 $19 50. f5 g5 $1 51. f6 Ra5+ 52. Ke6
Kf4 53. f7 Ra8 54. h3 Kg3 55. Kf6 Kh4 56. Kg6 Rf8 0-1

[Event "Olympiad-31"]
[Site "Moscow"]
[Date "1994.12.10"]
[Round "9.4"]
[White "Gretarsson, Helgi Ass"]
[Black "Zaichik, Gennadi"]
[Result "0-1"]
[WhiteElo "2450"]
[BlackElo "2530"]
[Annotator "Gagarin,V"]
[PlyCount "74"]
[EventDate "1994.12.01"]
[EventType "team-swiss"]
[EventRounds "14"]
[EventCountry "RUS"]
[SourceTitle "CBM 045"]
[Source "ChessBase"]
[SourceDate "1995.04.01"]
[SourceVersion "1"]
[SourceVersionDate "1995.04.01"]
[SourceQuality "1"]
[WhiteTeam "Iceland"]
[BlackTeam "Georgia"]
[WhiteTeamCountry "ISL"]
[BlackTeamCountry "GEO"]

1. d4 d6 2. c4 e5 3. Nf3 e4 4. Ng5 f5 5. g3 Be7 6. Nh3 Nf6 7. Nc3 c6 8. d5 Nbd7
$5 (8... Na6 {/\ Nc7/}) 9. Bg2 Ne5 10. b3 (10. Qb3 Qa5 11. Bf4 Qc5 12. Rc1 Qxc4
13. Nxe4 Qxb3 14. Nxf6+ Bxf6 15. axb3 c5 $15 {Lautier,J-Adams,M/Biel/1991/0,5/
58/}) 10... O-O 11. O-O Kh8 12. Kh1 (12. f3 $5 Qa5 13. Qd2 cxd5 14. cxd5 Bd8
15. Kh1 Bd7 16. Bb2 Bb6 17. Ng5 e3 18. Qd1 Rae8 19. Rc1 Nf7 20. Ne6 $5 Bxe6 21.
dxe6 Rxe6 22. Na4 $44 {Tunik,G-Cseshkovsky,V/Elista RUS-ch/1994/1:0/35/}) 12...
Bd7 13. Bb2 (13. f3 $5) 13... Ng6 {>< Nh3/} 14. Qd2 cxd5 15. cxd5 Qb6 $10 16.
Nd1 a5 17. Ne3 a4 18. Bd4 Qa5 19. b4 $6 (19. Bc3 $5 $10) 19... Qb5 20. a3 Kg8 {
/\ Nd5/} 21. Bb2 Rae8 $5 (21... Rac8 22. Rac1 $10) 22. Rac1 Bd8 $1 {/\ Bb6/}
23. Nc4 Qa6 24. Rc2 Bb5 25. Rfc1 Ng4 {/\ Bc4,e3/} 26. Bd4 Rf7 27. Ne3 h6 28. f3
$2 (28. Nxg4 fxg4 29. Nf4 Nxf4 30. gxf4 Bd7 $15) 28... exf3 29. exf3 Nxe3 30.
Bxe3 Rfe7 $17 31. Rc3 Bb6 $1 32. Bxb6 Qxb6 {/\ Re2/} 33. Rc8 $6 (33. Ng1 $142
$17) 33... Rxc8 34. Rxc8+ Kh7 35. Qc3 (35. Ng1 Re3 $17) 35... Re3 36. Qc1 (36.
Qd2 Re2 $19) 36... Qd4 37. f4 (37. Nf2 Re2 $19) (37. Rc2 Rxa3 38. Qxa3 Qd1+ 39.
Ng1 Qxc2 $19) 37... Rd3 0-1

[Event "FIDE World Cup"]
[Site "Khanty Mansiysk"]
[Date "2019.09.28"]
[Round "6.4"]
[White "Ding, Liren"]
[Black "Yu, Yangyi"]
[Result "1-0"]
[WhiteElo "2811"]
[BlackElo "2763"]
[Annotator "Giri,A"]
[PlyCount "85"]
[EventDate "2019.09.10"]
[EventType "k.o."]
[EventRounds "7"]
[EventCountry "RUS"]
[SourceTitle "CBM 192"]
[Source "ChessBase"]
[SourceDate "2019.10.31"]
[SourceVersion "1"]
[SourceVersionDate "2019.10.31"]
[SourceQuality "1"]
[WhiteClock "0:04:22"]
[BlackClock "0:00:36"]

{[%evp 0,85,26,-21,3,-1,45,12,59,35,62,75,66,71,89,52,42,43,43,38,38,41,41,34,
44,42,36,6,107,53,40,36,41,60,152,24,24,20,45,5,0,0,45,45,32,33,33,0,0,0,23,-9,
13,-20,9,7,14,1,1,-9,18,-61,-27,-27,-23,-2,22,-8,140,107,235,259,256,286,344,
327,360,362,361,354,354,354,361,338,345,378,378,378]} 1. c4 e5 2. Nc3 {In the
classical part of the match the players compared their knowledge in 2.g3 c6
and Yu Yangyi got a very comfortable position with Black there.} Bb4 {A
topical sideline, which is a favourite of Vishy Anand, who is always happy to
trade a bishop for a knight.} 3. Nd5 a5 {There are plenty alternatives here, I
mean, even 3...Na6 has been played in some high level games!} 4. Nf3 d6 5. a3
Bc5 6. e3 {Both sides have alternatives on the way and different move orders
to reach or avoid this position.} Nf6 7. d4 Nxd5 8. cxd5 exd4 9. exd4 Bb6 {
This position was seen in a couple of recent games. White has the odd looking
doubled isolanis in the center, but the b6 bishop is out of play and white can
use the momentum to build up an advantage in development.} 10. Bg5 f6 11. Be3
O-O 12. Bd3 f5 13. Qc2 Nd7 $1 {Strong novelty, but also one pointed out by the
computers. Black has to bring the knight over to f6 at all cost. White has
many options from here onwards, but the play proceeds very logically.} 14. Bxf5
Nf6 15. Bd3 h6 $1 {Threatening to capture on d5 and taking control of the g5
square.} 16. Nh4 Nxd5 $1 {not fearing any ghosts. It is safe to assume that Yu
was still in book here.} 17. Bh7+ Kh8 18. Ng6+ Kxh7 19. Nxf8+ Kg8 20. Ng6 {
White won an exchange, but the dynamic of the game has changed and it is now
Black who enjoys the free piece play, thanks to his dominance of the light
squares.} Qf6 21. Qe4 Be6 22. O-O Re8 23. Nh4 $5 {Very ambitious!} (23. Nf4 {
would simplify the position a lot, but give up a big central pawn.} Nxf4 24.
Qxf4 Qxf4 25. Bxf4 Bxd4 {This has to be analysed further, but it feels as
though Black should be doing fine in the endgame. White does have a strong
move in} 26. Rac1 $1 {though, when} b5 $1 27. Rxc7 Bc4 {gives Black good
counterplay.}) 23... Bf7 24. Qg4 h5 $5 (24... Be6 {was also possible, not
weakening the g5 square and fishing for the move repetition.} 25. Qg3 $5 a4 $5
(25... Bd7 26. Nf3 Ne7 {when white would likely still end up repeating the
moves with} 27. Nh4 Nd5) 26. Nf3 Nxe3 27. fxe3 Bc4 28. Rfe1 Ba5 {Black will
regain the material and enjoy a good position.}) 25. Qg3 {Very human, fighting
for the dark squares and the initiative, but the engines frown.} (25. Qh3 Re4
26. Nf3 Rg4 {doesn't look fantastic for White either, with his queen shut off
on h3.}) 25... Re4 26. Bg5 Qe6 $2 (26... Qxd4 $1 {was better, not fearing any
ghosts. White has some active pieces, but it is hard to see what is there to
gain from it, as} 27. Nf5 (27. h3 $5 {- objectively the best, likely.} Qxb2 28.
Rae1 Qc3 $1 {and having picked up a couple of pawns, Black is already the one
with the material advantage.}) {is met by} 27... Qe5 $1) 27. h3 $1 {White has
nicely gained control over the g5 and g4 squares, and compared to the ...Qxd4/.
..Qxb2 line, he has not yet lost two pawns.} Bxd4 28. Nf3 $5 (28. Rab1 {
is likely to transpose after} Re2 29. Nf3 Bxb2) 28... Bxb2 29. Rab1 Re2 30. Bd2
{The alternative was interesting too.} (30. Bc1 $5 Bf6 31. Rxb7 Qc8 $1 {
followed by Nc3 gives Black some counterplay.}) 30... Qf6 $1 31. Bxa5 {When
you are not sure what to do, grab a pawn.} Nf4 (31... b6 $5 {was also very
possible, after} 32. Bd2 (32. Rfe1 $5) 32... Bc3 {it is a total mess.}) 32.
Bxc7 {Ding meanwhile keeps grabbing them pawns.} Rc2 33. Kh2 $1 {The bishop on
c7 is not really hanging, but ...Ne2+ was a serious threat.} h4 $2 {I guess Yu
Yangyi may have missed Kh2 and panicked a little bit, missing a very strong
reply here. In rapid games there is often no time to calm down and see things
clearly anymore.} (33... Nxg2 $1 {was the way.} 34. Kxg2 (34. Bxd6 Ne3 $1)
34... Rxc7 {Black has a pawn and a bishop pair for the exchange, the white
king is no longer so safe either, so the position is roughly balanced here.
White could likely consider sacrificing back the exchange, simplifying the
game further.}) (33... Rxc7 34. Rxb2 Qxb2 35. Qxf4 {was not very pleasant, but
in hindsight, still better than the game.} Qxa3 36. Ng5 {is nasty.}) 34. Qg5 $1
{This changes a lot, because now after capture and ...Be5, there is Nxf7!.} (
34. Qxh4 {Here Yu had prepared} Qxh4 35. Nxh4 Be5 {with a discovered check of
Ng6+ incoming.}) 34... Rxc7 $2 (34... Qxg5 35. Nxg5 Be5 36. Nxf7 $1 {The e5
bishop is attacked and after ...Kxf7 Black no longer has the ...Ng6+/...Nxh4
discovery and other discovered checks are empty shots.}) (34... Ba2 $1 {
would have been the lesser evil at this point.} 35. Qxf6 gxf6 36. Rxb2 Rxb2 {
White can pick up h4 or d6, but in both cases, Black can continue to struggle
on. In the game he just loses.}) 35. Rxb2 $1 {Probably Yu Yangyi missed that
after ...Qxb2 White doesn't only have Qxf4 with a big advantage, but he has
Qd8+, which wins on the spot.} Qxg5 (35... Qxb2 36. Qd8+ $1) 36. Nxg5 {White
is a clear exchange up and Black is hopeless. The rest was just agony.} Bc4 37.
Re1 g6 38. Re4 Nd3 39. Rc2 Rc5 40. Rcxc4 Rxg5 41. Re7 Nc5 42. Rxh4 Rf5 43. f3
1-0

[Event "Boeblingen op 17th"]
[Site "Boeblingen"]
[Date "2000.12.27"]
[Round "5"]
[White "Zeller, Frank"]
[Black "Glek, Igor Vladimirovich"]
[Result "0-1"]
[WhiteElo "2442"]
[BlackElo "2553"]
[Annotator "Glek,I"]
[PlyCount "102"]
[EventDate "2000.12.27"]
[EventType "swiss"]
[EventRounds "9"]
[EventCountry "GER"]
[SourceTitle "CBM 080"]
[Source "ChessBase"]
[SourceDate "2001.01.25"]
[SourceVersion "1"]
[SourceVersionDate "2001.01.25"]
[SourceQuality "1"]

1. c4 e5 2. Nc3 Bb4 3. Qb3 Nc6 4. Nd5 a5 $5 (4... Bc5 5. e3 (5. Qg3 Bf8 6. b4
d6 7. Bb2 Nge7 8. Nxe7 Nxe7 9. Qb3 Ng6 10. g3 Be7 11. Bg2 h5 12. e3 h4 13. Ne2
Qd7 14. h3 hxg3 15. fxg3 Qf5 16. Rc1 Qg5 17. Qd3 Nh4 18. Bd5 c6 19. gxh4 Qxh4+
20. Kd1 cxd5 21. Qxd5 O-O 22. Qf3 Be6 23. d3 f5 24. d4 Rac8 25. d5 Bf7 26. Rf1
Bh5 27. Qf2 Rxc4 {0-1 Fischer,M-Preiss,M/Triberg 1991/GER (27)}) 5... Nge7 (
5... Nf6 6. Ne2 O-O 7. Nec3 d6 8. Be2 {Miles,A-De la Villa Garcia,J New York
op 1989 CBM/12 47/(24)}) 6. Ne2 O-O 7. g3 (7. Nec3) 7... Nxd5 8. cxd5 Ne7 9.
Nc3 d6 10. Na4 Bb6 11. Nxb6 axb6 12. Bg2 c6 13. dxc6 bxc6 14. O-O d5 15. d4 Ba6
16. Re1 e4 17. Bd2 c5 18. dxc5 bxc5 19. Qa3 Qd6 20. b4 Bd3 21. bxc5 Qe6 22. Qb3
Rfb8 23. Bb4 Nc6 24. a3 Ne5 $1 25. Qd1 Qf5 26. Bc3 Nf3+ 27. Bxf3 exf3 28. Kh1
h5 29. Rg1 $15 {1/2-1/2 Azmaiparashvili,Z-Johansen,D/Sydney 1990/CBM 20/[Ribli]
(29)}) (4... Bc5 {- 47/(24)}) 5. Qg3 (5. g3 d6 6. e3 (6. Bg2 $2 Nd4) 6... f5 {
'!?' Wolff,P.} (6... Nge7 $1 7. Bg2 (7. Nxb4 axb4 8. Bg2 Be6 {/\ d5=/+}) 7...
a4 $5 8. Qc2 Nxd5 9. cxd5 Ne7 $11) 7. Bg2 e4 {'!?' Wolff,P.} (7... Nf6 8. Ne2 (
8. Nxb4 $2 axb4 9. Bxc6+ bxc6 10. Qxb4 c5 $17) 8... e4 $5 (8... a4 $2 9. Nxf6+
Kf7 $8 10. Qc2 Qxf6 11. Nc3 $16) (8... Nxd5 9. cxd5 Ne7 $13) 9. O-O a4 10. Qc2
Nxd5 11. cxd5 Ne5 12. Nf4 g5 $5 13. Ne6 Bxe6 14. dxe6 g4 15. a3 Bc5 16. b4 Bb6
17. Bb2 Qe7 $13) 8. a3 {'!?' Wolff,P.} (8. f3 Nf6 9. fxe4 fxe4 10. Ne2 (10.
Nxf6+ Qxf6 11. Bxe4 O-O $44) 10... O-O 11. O-O (11. a3 Ne5 12. axb4 Nd3+ 13.
Kd1 Bg4 $5) 11... Bg4 $13) 8... Bc5 9. Qc3 {'!?' Wolff,P.} (9. d4 exd3 10. Qxd3
Ne5 11. Qc2 c6 12. Nc3 Nf6 $11) 9... Ne5 10. d4 Bb4 {'[]' Wolff,P.} 11. axb4 (
11. Nxb4 axb4 12. Qc2 Nd3+ $17) 11... Nd3+ 12. Ke2 {'??' Wolff,P.} (12. Kd2 $6
c6 $1 (12... axb4 13. Qxd3 $1 exd3 14. Rxa8 $18) 13. Rxa5 (13. Nf4 Nxf4 14.
gxf4 axb4 $19) 13... Rxa5 14. bxa5 cxd5 15. Nh3 Nf6 $15) (12. Kf1 $1 c6 13.
Rxa5 Rxa5 14. bxa5 cxd5 $44) 12... axb4 {'-+' Wolff,P.} 13. Nxb4 Rxa1 14. Nxd3
exd3+ 15. Kxd3 Nf6 16. Nh3 O-O 17. b3 Ra2 18. Bb2 Ne4 19. Qc2 b5 {'!' Wolff,P.
Wolff,P: גa6-f1} 20. Ra1 (20. cxb5 Bd7 21. Qc4+ Kh8 22. Kc2 Qb8) 20... Rxa1
21. Bxa1 Ba6 22. Qa2 bxc4+ 23. bxc4 Qa8 24. Kc2 Qc6 25. c5+ d5 26. f3 Ra8 {
0-1 Hodgson,J-Wolff,P/London 1989/CBM 13 (26)}) (5. a3 Bc5 6. e3 Nf6 7. Ne2
Nxd5 8. cxd5 Ne7 9. Qc3 d6 10. e4 O-O 11. d4 Bb4 12. axb4 axb4 13. Qxb4 Rxa1
14. dxe5 dxe5 15. Qc3 c6 16. b3 Qa5 17. b4 Qa2 18. d6 Ng6 19. Ng3 Qb1 20. Ne2
Rd8 21. f3 Nf4 {0-1 Schwarz-Kalinitschew,S/Wuerzburg 1991/EXT 97 (21)}) (5.
Nxb4 $6 axb4 6. e3 (6. d3 $2 Nd4 7. Qd1 b3 $19) (6. Qg3 Nf6 7. Qxg7 Rg8 8. Qh6
Nd4 $17) 6... Nf6 7. d3 d5 $5 (7... O-O 8. Bd2 Qe7 $15) 8. Bd2 dxc4 9. dxc4 (9.
Qxc4 O-O 10. Bxb4 $2 Ra4 11. a3 Nxb4 12. Qb3 b5 $19) 9... Qe7 $17) (5. e3 Nf6
$11) 5... g6 $5 (5... Bf8 6. Qc3 (6. d4 d6 7. dxe5 dxe5 8. Nf3 f6 9. e4 Nb4 $1
10. Nxb4 Bxb4+ 11. Bd2 Qe7 12. Be2 Nh6 13. O-O Bxd2 14. Nxd2 O-O 15. Qc3 Nf7
16. c5 Ng5 $1 17. b3 Rd8 18. Rfd1 Kf8 19. Rac1 Bd7 20. f3 Ne6 $15 21. Nf1 Nd4
22. Kf2 Be6 23. Rd2 b5 $1 24. Ne3 b4 25. Qb2 c6 26. Bc4 Bc8 27. Bf1 Ra7 28.
Rdd1 Be6 29. Bc4 Bc8 30. Bf1 g6 31. Kg1 Be6 32. Bc4 Bxc4 33. Rxc4 Rad7 34. Rcc1
Nb5 35. Rxd7 Rxd7 36. Qf2 Nc3 37. Nc4 Nd1 $1 38. Qc2 Qxc5+ 39. Kf1 Qd4 40. g3
Kg7 41. Kg2 c5 42. Qe2 Nc3 43. Qf1 a4 44. Rc2 axb3 45. axb3 Qd1 46. Qf2 Rd4 47.
Na5 Qb1 48. Rd2 h5 49. h4 Nd1 50. Qe2 g5 51. hxg5 fxg5 52. Nc6 Nc3 53. Qe3
Rxd2+ 54. Qxd2 Qa2 55. Qxa2 Nxa2 56. Nxe5 Nc1 57. f4 Nxb3 58. Nd3 g4 59. e5 Nd2
60. Nxc5 b3 61. Na4 Nc4 62. Nc3 b2 63. Nb1 Ne3+ 64. Kf2 Nf5 {0-1 Miralles,
G-Kotronias,V/Geneve 1990/CBM 21/[Ribli] (64)}) (6. Nf3 d6 7. d3 Nb4 8. Nxb4
axb4 9. b3 Nf6 10. h3 h6 11. e4 Nh5 12. Qh2 Qf6 13. Be2 Nf4 14. Bxf4 Qxf4 15.
g4 g6 16. Qg2 Be7 17. Kd1 Be6 18. Kc2 c6 19. Rhe1 h5 20. g5 h4 21. Red1 O-O 22.
Kb2 Ra5 23. Rd2 Rfa8 24. a4 bxa3+ 25. Ka2 b5 26. Re1 bxc4 27. dxc4 d5 28. exd5
cxd5 {0-1 Vehreschild,A-Danielian,O/Cappelle la Grande 1996/CBM 51 ext (28)})
6... Nf6 7. e3 g6 8. g3 Bg7 9. Bg2 O-O 10. Ne2 d6 11. O-O Bg4 12. Re1 Nxd5 13.
Bxd5 e4 14. d4 exd3 15. Qxd3 Ne5 {1/2-1/2 Zueger,B-Dunnington,A/London 1986/
EXT 2000 (15)}) (5... Kf8 6. Nf3 d6 7. a3 Bc5 8. d3 (8. e3 Nge7 9. Nxe7 Qxe7
10. b3 Bf5 11. d3 f6 12. Be2 Kf7 13. Nh4 Be6 14. O-O g5 15. Bh5+ Kf8 16. Nf3
Rg8 17. Re1 f5 18. d4 f4 19. exf4 gxf4 20. dxc5 fxg3 21. Bh6+ Rg7 22. cxd6 cxd6
23. Ng5 {0-1 Fischer,M-Kalinitschew,S/Triberg 1991/GER (23)}) 8... h5 9. Qg5 f6
10. Qd2 Nge7 11. Nxe7 Qxe7 12. e3 a4 13. Be2 g5 14. O-O f5 15. d4 Ba7 16. dxe5
dxe5 17. Qc2 Bc5 18. Bd2 e4 19. Ne1 Ne5 20. f3 exf3 21. Nxf3 Ng4 22. Kh1 Nxe3
23. Bxe3 Bxe3 24. Rae1 f4 25. Qc3 Rh6 26. Nxg5 Bf5 27. Bd3 Qxg5 28. Rxe3 {
1-0 Klinger,J-Mainka,G/Zuerich 1988/EXT 97 (28)}) 6. b3 $146 (6. a3 Bd6 $5 (
6... Bf8) (6... Be7) 7. Qc3 Nf6 8. Nf3 O-O {'~~'} 9. b3 Re8 10. Bb2 Bf8 11. h4
(11. Nxf6+ Qxf6 12. e3 $11) 11... h6 12. Nxf6+ Qxf6 13. g4 $6 (13. e3 $11) (13.
g3 $11) 13... Qe7 14. g5 h5 15. d3 Bg7 16. Nd2 Nd4 $1 17. Ne4 (17. e3 c6 {
/\ d5|^}) 17... b5 $1 $17 18. cxb5 Nxb5 19. Qc5 Qxc5 20. Nxc5 Rb8 21. Bh3 d6
22. Bxc8 Rexc8 23. Ne4 Nd4 24. Bxd4 exd4 25. Rb1 d5 {0-1 Kurz-Glek,I/Zurich
1995/[IG] (42)}) 6... Nf6 7. a3 Be7 8. Bb2 d6 9. Qc3 Be6 (9... Nd4 10. Nxf6+
Bxf6 11. e3 Qe7 $13) 10. Nxe7 Qxe7 11. Nf3 Bg4 $1 12. e3 O-O 13. Be2 Bxf3 14.
gxf3 (14. Bxf3 Nd4 $36) 14... Rfe8 15. O-O d5 16. cxd5 Nxd5 17. Qc4 Rad8 18.
Kh1 Nb6 19. Qc2 Qh4 20. Rad1 Rd5 $1 21. Qe4 Qd8 22. Bc3 {[#]} Nd4 $1 $17 23.
Bc4 $8 Nxc4 24. bxc4 Rd7 25. Qg4 Nb3 26. f4 (26. Rb1 a4 {/\b6,Sd2}) 26... f5
27. Qh3 (27. Qf3 e4 (27... Nxd2 28. Bxd2 Rxd2 29. Rxd2 Qxd2 30. fxe5 c6 $17)
28. Qe2 Rd3 $17) 27... Nxd2 28. Bxe5 Nxf1 29. Rxf1 Rd1 $19 30. Bd4 Rxd4 (30...
Rxf1+ 31. Qxf1 Qe7 $19) 31. exd4 Qxd4 32. Qb3 Qxf4 33. c5+ Kg7 34. Rd1 Re7 $138
(34... Qxf2) 35. Qc3+ Kh6 36. Qh3+ Kg5 37. Qg2+ Kf6 (37... Qg4 $1) 38. Qxb7
Qe4+ (38... Qxf2) 39. Qxe4 fxe4 40. Kg2 Ke6 41. Rd4 Ke5 42. Ra4 Kd5 43. Rxa5 c6
$1 44. Kf1 Rf7 45. Ke2 Rf3 46. Ra7 Rh3 47. Re7 Kxc5 48. Rxe4 Rxa3 49. Rh4 Ra7
50. Rf4 Rd7 51. h4 Rd4 0-1